000 00710nam a2200253Ia 4500
003 OSt
005 20220927110411.0
006 a|||||r|||| 00| 0
007 ta
008 220926b |||||||| |||| 00| 0 eng d
024 _a45576
037 _cReports
040 _aRTL
_cRTL
_beng
041 _2eng
_aeng
082 _a"X:8J.275r, GD"
110 _aWest Bengal. Comptroller and Auditor General
_9377706
245 0 _aWhat the report of C A G say
260 _aCalcutta
_bGovt Press India
_c1998
300 _a24p.
_ccm.
650 _aAudit
_9353217
700 _aWest Bengal. Comptroller and Auditor General
_9377707
942 _h"X:8J.275r, GD"
_cCC
999 _c696396
_d696396